|
|
|
|
| LEADER |
00000cam a2200000 a 4500 |
| 001 |
vtls001473784 |
| 003 |
SK-MaSNL |
| 005 |
20260302073529.0 |
| 008 |
160624s2002 xo 0 und |
| 035 |
|
|
|a SNK000429086
|
| 040 |
|
|
|a SNK
|b slo
|c SNK
|e AACR2
|
| 044 |
|
|
|a xo
|c SK
|
| 046 |
|
|
|a s
|m 200211 (účin. )
|
| 072 |
|
7 |
|a 006
|x Metrológia. Štandardizácia
|2 konspekt
|
| 080 |
|
|
|a 006.78
|2 2001
|
| 130 |
0 |
|
|a STN 25 2011 (STN EN ISO 10360-1)
|9 738063
|
| 245 |
1 |
0 |
|a STN EN ISO 10360-1: 2002 (25 2011), Geometrické špecifikácie výrobkov (GSP). Akceptačné a verifikačné skúšky súradnicových meracích strojov (CMM)
|n časť 1:
|p slovník (ISO 10360-1:2000)
|
| 246 |
1 |
0 |
|a Geometrické špecifikácie výrobkov (GSP)
|
| 246 |
1 |
0 |
|a Akceptačné a verifikačné skúšky súradnicových meracích strojov (CMM)
|
| 246 |
3 |
0 |
|a ISO 10360-1:2000
|
| 250 |
|
|
|a [1.vyd.]
|
| 260 |
|
|
|a Bratislava
|b Slovenský ústav technickej normalizácie
|c 2002
|
| 500 |
|
|
|a Táto národná norma je identická s EN ISO 10360-1: 2000
|
| 500 |
|
|
|a Dátum účinnosti opravy normy: júl 2006
|
| 650 |
0 |
7 |
|a geometrická špecifikácia produktov
|2 SNKPH
|9 125433
|
| 650 |
0 |
7 |
|a Geometrical product specification
|2 SNKPHeng
|9 327755
|
| 655 |
|
7 |
|a normy
|2 SNKPH
|9 70643
|
| 852 |
|
|
|a Štátna vedecká knižnica v Banskej Bystrici
|
| 999 |
|
|
|c 1161202
|d 1163132
|
| 952 |
|
|
|t P60, <03>, [BOOK], {603}
|a SNK
|b SNK
|y PREZ
|7 0
|p 17A0426483
|o snkSTN EN ISO 10360-1
|i snkN 1862/2004
|0 0
|1 0
|4 0
|d 2004-04-26
|l 0
|r 2005-01-02 00:00:00
|w 2026-02-24
|
| 952 |
|
|
|a SNK
|b SNK
|y PREZ
|7 0
|p 17A0426484
|o snkSTN EN ISO 10360-1 D1
|i snkN 1863/2004
|0 0
|1 0
|4 0
|d 2004-04-26
|l 0
|r 2005-01-02 00:00:00
|w 2026-02-24
|